000 00613nam a2200229Ia 4500
003 OSt
005 20220926044716.0
006 a|||||r|||| 00| 0
007 ta
008 220923b |||||||| |||| 00| 0 eng d
037 _cGeneral Book
040 _aRTL
_cRTL
_beng
041 _2eng
_aeng
082 _aX9.77.6.N6, K3/UN
110 _aIndustrial Growth in Africa
_9349351
245 0 _aEconomic Commission for Africa
260 _c1963
300 _a100 p
_ccm.
700 _aIndustrial Growth in Africa
_9349352
942 _hX9.77.6.N6, K3/UN
_cGB
_2CC
999 _c675588
_d675588